Neurons, networks, and motor behavior

Saved in:
Bibliographic Details
Main Author: Stein, Paul S. G.
Format: Book
Language:English
Published: Cambridge, Mass. : MIT Press, c1997
Series:Computational neuroscience
Subjects:
Tags: Add Tag
No Tags, Be the first to tag this record!

MARC

LEADER 00000nam a2200000 i 4500
001 1/72090
008 990315s1997 eng d
020 |a 0-262-19390-6 
035 |l 10048480 
040 |a GR-MY-UA  |b gre  |e aacr 
041 0 |a eng 
082 0 |a 612.8252 
100 1 |a Stein, Paul S. G. 
245 1 0 |a Neurons, networks, and motor behavior /  |c edited by Paul S. G. Stein ... [et al.]. 
260 |a Cambridge, Mass. :   |b MIT Press,   |c c1997 
300 |a xiii, 305 p.;  |b ill.;  |c 29 cm. 
490 1 |a Computational neuroscience 
500 |a Includes bibliographical references and index 
650 0 0 |a Sensorimotor cortex. 
650 0 0 |a Locomotion. 
650 0 0 |a Neural networks (Neurobiology) 
650 0 0 |a Neuromuscular transmission. 
650 0 0 |a Muscles  |x Innervation. 
830 0 |a Computational neuroscience 
852 |a INST  |b SAMOS  |e 19990315  |h 612.8252 NEU  |p 005300013217  |q 005300013217  |t BK  |y 0 
901 |a BIBL-1999-1 
909 |a Σ  |b 063101 
922 |a 3ΕΛΗ  |b 199901  |c ΕΠΕΑΕΚ/ΜΑΘ  |d GLORY